000 00559cam a2200217 4500
001 4128024
005 20180810052802.0
008 720828s1972 paua b 001 0 eng
010 _a 76176213
020 _a0721666515
040 _aDLC
_cDLC
_dDLC
041 _aeng
080 _a618.9212
082 0 0 _a618.9212
100 1 _a7
101 _aPED
245 0 0 _aPediatric cardiology
_c[by] Alexander S. Nadas [and] Donald C. Fyler.
504 _aBibliography: p. 691-725.
906 _a7
_bcbc
_corignew
_d2
_encip
_f19
_gy-gencatlg
942 _2ddc
_cBK
999 _c46999
_d46999